LEADER 01142cam0-22003851i-450- 001 990006418500403321 005 20080513122113.0 010 $a88-14-07256-6 035 $a000641850 035 $aFED01000641850 035 $a(Aleph)000641850FED01 035 $a000641850 100 $a20001025d1998----km-y0itay50------ba 101 0 $aita 102 $aIT 105 $ay-------001yy 200 1 $aFederico II di Svevia$eun monarca medievale alle prese con la sorte$fPierre Racine$gcon prefazione di Andrea Romano 210 $aMilano$cGiuffré$d1998 215 $aXIII, 523 p.$d24 cm 225 1 $aStudi storico giuridici$v5 610 0 $aFederico di Svevia $aStoria 676 $a348$v20$zit 676 $a945.704 700 1$aRacine,$bPierre$0241506 702 1$aRomano,$bAndrea$f<1947- > 801 0$aIT$bUNINA$gRICA$2UNIMARC 901 $aBK 912 $a990006418500403321 952 $aIII A 13$b4128 ddr.$fDDR 952 $aSDI-D 298$b9659 ddr$fSDI$m21-11774 952 $aUNIV. 234 (5)$b33775$fFSPBC 959 $aSDI 959 $aFSPBC 996 $aFederico II di Svevia$9649465 997 $aUNINA LEADER 01650nas 2200397 n 450 001 990008935300403321 005 20240229084548.0 011 $a0008-0152 035 $a000893530 035 $aFED01000893530 035 $a(Aleph)000893530FED01 035 $a000893530 091 $2CNR$aP 00051697 100 $a20090724b19661987km-y0itaa50------ba 101 0 $afre 102 $aFR 110 $aauu-------- 200 1 $aCahiers du monde hispanique et luso-brésilien 207 1$a1966-1987 210 $aToulouse$cUniversite de Toulouse-Le Mirail 430 0$12001$aCaravelle 440 0$1001000893663$12001$aCaravelle (1988) 530 0 $aCahiers du monde hispanique et luso-brésilien 675 $a94 675 $a008 780 2 712 02$aUniversité de Toulouse.$bInstitut pluridisciplinaire d'étude sur l'Amérique latine 801 0$aIT$bACNP$c20090723 859 4 $uhttp://acnp.cib.unibo.it/cgi-ser/start/it/cnr/dc-p1.tcl?catno=35172&person=false&language=ITALIANO&libr=&libr_th=unina1$zBiblioteche che possiedono il periodico 901 $aSE 912 $a990008935300403321 958 $aBRAU. Biblioteca di Ricerca di Area Umanistica$b1987.$eSpagna 25$fFLFBC 959 $aFLFBC 996 $aCahiers du monde hispanique et luso-brésilien$9796523 997 $aUNINA AP1 8 $6866-01$aNA072 BRAU. Biblioteca di Ricerca di Area Umanistica$bSpagna 25$ePiazza Bellini 56/60, 80133 Napoli (NA)$m(081) 2533948$nit AP2 40$aacnp.cib.unibo.it$nACNP Italian Union Catalogue of Serials$uhttp://acnp.cib.unibo.it/cgi-ser/start/it/cnr/df-p.tcl?catno=35172&language=ITALIANO&libr=&person=&B=1&libr_th=unina&proposto=NO